Państwa według opisu flagi - Statystyki

Ogólne statystyki
  • Ten quiz został rozwiązany 18 razy
  • Średni wynik to 7 z 8
Statystyki odpowiedzi
Opis Kraj % Poprawnych
Niebieska flaga z flagą Wielkiej Brytanii w lewym górnym rogu z gwiazdkami : jedna pod flagą W. Brytanii, 4 jako romb z prawej strony i jedna na prawym dolnym boku rombu Australia
100%
Trzy pasy pionowe : czerwony, biały, czerwony z liściem klonu na środku Kanada
100%
Trzy pasy poziome : biały, niebieski, czerwony Rosja
94%
Czerwono-białe pasy a w lewym górnym rogu, zajmujący 1/4 flagi granatowy prostokąt z 50 gwiazdkami Stany Zjednoczone
94%
Trzy pasy poziome : błękit, biały, błękit, ze słońcem na białym pasie Argentyna
88%
Czerwona flaga z gwiazdkami w lewym górnym rogu Chiny
88%
Trzy pasy poziome : pomarańczowy, biały, zielony, z granatowym kołem na białym pasie Indie
88%
Zielona flaga z żółtym rombem, na środku niego kółko przypominające niebo nocne z białą wstęgą z zielonym napisem Brazylia
63%
Nie znaleziono quizów pasujących do podanych kryteriów
Rozkład punktacji
Procent ludzi z każdym wynikiem
Percentyl według liczby udzielonych odpowiedzi
Twoja historia wyników
Nie rozwiązałeś tego quizu